5 Smallest Cities to Have an NBA Team - Statistics

General Stats
  • This quiz has been taken 34 times
  • The average score is 3 of 5
Answer Stats
Population City % Correct
309,154 Orlando
72%
376,971 New Orleans
69%
200,478 Salt Lake City
63%
425,336 Minneapolis
47%
367,991 Cleveland
44%
No matching quizzes found
Score Distribution
Percent of People with Each Score
Percentile by Number Answered
Your Score History
You have not taken this quiz